Kể chuyện quân giới Nam Bộ

Đã lưu trong:
Bibliografiske detaljer
Format: Bog
Sprog:Undetermined
Udgivet: Thành Phố Hồ Chí Minh Thành Phố Hồ Chí Minh 2005
Fag:
Tags: Tilføj Tag
Ingen Tags, Vær først til at tagge denne postø!
Thư viện lưu trữ: Trung tâm Học liệu Trường Đại học Cần Thơ
LEADER 00687nam a2200193Ia 4500
001 CTU_137530
008 210402s9999 xx 000 0 und d
020 |c 13000 
082 |a 959.7 
082 |b K250/CD.1 
245 0 |a Kể chuyện quân giới Nam Bộ 
245 0 |c Hãng phim truyền hình thành phố Hồ Chí Minh 
260 |a Thành Phố Hồ Chí Minh 
260 |b Thành Phố Hồ Chí Minh 
260 |c 2005 
650 |a Vietnam,Vietnamese war,Việt Nam,Chiến tranh Việt Nam 
650 |x History,Photographs,Lịch sử,Hình ảnh 
904 |i Tuyến 
980 |a Trung tâm Học liệu Trường Đại học Cần Thơ